Estuaries and enclosed seas /

Bibliographic Details
Other Authors: Ketchum, Bostwick H., 1912-
Format: Book
Language:English
Published: Amsterdam ; New York : Elsevier Scientific, 1983.
Series:Ecosystems of the world ; 26.
Subjects:

MARC

Tag First Indicator Second Indicator Subfields
LEADER 00000cam a22000008a 4500
001 in00000371013
005 20151011085435.0
008 810708s1983 ne a b 00100 eng
010 |a  81009853  
020 |a 0444419217 
035 |a (OCoLC)07614862 
035 |9 ABQ4943AM 
039 0 |a 2  |b 3  |c 3  |d 3  |e 3 
040 |a DLC  |c DLC  |d TXA  |d UtOrBLW 
049 |a TXAM  |c [1001152] 
050 0 0 |a QH541.5.E8  |b E84 
082 0 |a 574.5/26365  |2 19 
090 |a QH541.5 E8  |b  E84 1983 
245 0 0 |a Estuaries and enclosed seas /  |c edited by Bostwick H. Ketchum. 
263 |a 8112 
264 1 |a Amsterdam ;  |a New York :  |b Elsevier Scientific,  |c 1983. 
300 |a xii, 500 pages : illustrations ;  |c 27 cm. 
336 |a text  |b txt  |2 rdacontent 
337 |a unmediated  |b n  |2 rdamedia 
338 |a volume  |b nc  |2 rdacarrier 
490 1 |a Ecosystems of the world ;  |v 26 
504 |a Includes bibliographies and indexes. 
650 0 |a Estuarine ecology. 
650 0 |a Marine ecology. 
700 1 |a Ketchum, Bostwick H.,  |d 1912- 
830 0 |a Ecosystems of the world ;  |v 26. 
999 |a MARS 
999 f f |s c0b20d0b-e03f-35ab-84e3-1c65aa5504c5  |i 3f0ced3a-044a-321f-a6bf-4a8eca11d7d6  |t 0 
952 f f |p ric  |a Texas A&M University  |b Rellis Campus  |c Joint Library Facility  |d Remote Storage  |t 0  |e QH541.5 E8 E84 1983  |h Library of Congress classification  |i unmediated -- volume  |m A14807501648 
998 f f |a QH541.5 E8 E84 1983  |t 0  |l Remote Storage